书目信息 |
| 题名: |
都市女性情感纪实系列 夜色玫瑰
|
|
| 作者: | 郭萍 著 | |
| 分册: | ||
| 出版信息: | 郑州 河南人民出版社 1999.09 |
|
| 页数: | 228页 | |
| 开本: | 32开 | |
| 丛书名: | ||
| 单 册: | ||
| 中图分类: | I25 | |
| 科图分类: | ||
| 主题词: | 报告文学--中国 , 传记文学--中国 | |
| 电子资源: | ||
| ISBN: | 7-215-04587-0 | |
| 000 | 00604nam0 2200205 45 | |
| 001 | 0007251164 | |
| 005 | 20000725113219.0 | |
| 010 | @a7-215-04587-0@d14.00元 | |
| 100 | @a20000725d1999 km y0chiy0120 ea | |
| 101 | 0 | @achi |
| 105 | @a z 000yy | |
| 200 | 1 | @a都市女性情感纪实系列 夜色玫瑰@ADu Shi Nu Xing Qing Gan Ji Shi Xi Lie Ye Se Mei Gui@f郭萍 著@FGuo Ping Zhu |
| 210 | @a郑州@c河南人民出版社@d1999.09 | |
| 215 | @a228页@d32开 | |
| 606 | 0 | @a报告文学@x中国 |
| 606 | 0 | @a传记文学@x中国 |
| 690 | @aI25@v3 | |
| 701 | 0 | @a郭萍@4著 |
| 801 | @aCN@bPftUser@c20000725 | |
| 905 | @b77567-571@dI25@eX205@f5 | |
| 都市女性情感纪实系列 夜色玫瑰/郭萍 著.-郑州:河南人民出版社,1999.09 |
| 228页;32开 |
| ISBN 7-215-04587-0:14.00元 |
| ● |
| 相关链接 |
|
|
|
正题名:都市女性情感纪实系列夜色玫瑰
索取号:I25/X205
 
预约/预借
| 序号 | 登录号 | 条形码 | 馆藏地/架位号 | 状态 | 备注 |
| 1 | 77567 | 200775679 | 自科二线404/404自科库 2排5列1层/ [索取号:I25/X205] | 在馆 | |
| 2 | 77568 | 200775688 | 自科二线404/404自科库 2排5列1层/ [索取号:I25/X205] | 在馆 | |
| 3 | 77569 | 200775697 | 社科二线400B/400B社科库 19排4列1层/ [索取号:I25/X205] | 在馆 | |
| 4 | 77570 | 200775704 | 自科二线404/108文学库 66排1列3层/ [索取号:I25/X205] | 在馆 | |
| 5 | 77571 | 200775713 | 社科二线422/422社科库 29排4列2层/ [索取号:I25/X205] | 在馆 |